[Event "AUT-ch U18 Rapid"]
[White "Gruenwald, Simon"]
[Black "Feigelstorfer, Elias"]
[Site "Vienna"]
[Round "1"]
[Result "1-0"]
[Date "2023.10.28"]
[WhiteElo "1983"]
[BlackElo "1775"]
[PlyCount "81"]
[EventDate "2023.10.27"]
[EventType "swiss"]
[EventRounds "9"]
[EventCountry "AUT"]
[SourceTitle "EXT 2025"]
[Source "ChessBase"]
[SourceDate "2024.10.14"]
[SourceVersion "1"]
[SourceVersionDate "2024.10.14"]
[SourceQuality "1"]

1. e4 d5 2. exd5 Qxd5 3. Nc3 Qa5 4. d4 Bf5 5. Nf3 Nf6 6. Bc4 e6 7. Bd2 c6 8. Ne5 Qc7 9. g4 Bg6 10. h4 Be4 11. 0-0 Bd5 12. Nxd5 cxd5 13. Bb5+ Nc6 14. Bf4 Bd6 15. c4 0-0 16. Bxc6 bxc6 17. c5 Bxe5 18. Bxe5 Qd8 19. g5 Nd7 20. Bd6 Re8 21. Re1 Nf8 22. Qg4 Ng6 23. h5 Ne7 24. Bxe7 Qxe7 25. f4 Qd7 26. Re3 Rab8 27. b3 Re7 28. Rae1 Rbe8 29. Kf2 Qc7 30. Re5 Kf8 31. Kf3 Qa5 32. g6 hxg6 33. hxg6 fxg6 34. Rh1 Qc3+ 35. Re3 Qxd4 36. Qxg6 Rf7 37. Rh8+ Ke7 38. Qxe6+ Kd8 39. Rxe8+ Kc7 40. Rc8+ Kb7 41. Qxc6# 1-0